Về một tiêu chuẩn tối ưu và thuật giải bài toán cực tiểu hoá trọng lượng khung thép với ràng buộc là xác suất phá hoại /

Shranjeno v:
Bibliografske podrobnosti
Glavni avtor: Lê Xuân Huỳnh
Drugi avtorji: Hoàng Văn Long
Format: Bài viết
Jezik:Vietnamese
Teme:
Oznake: Označite
Brez oznak, prvi označite!
Thư viện lưu trữ: Thư viện Trường Đại học Đà Lạt
LEADER 01009nam a2200301 4500
001 DLU040026467
008 ##021230t vn z000 vie d
040 # # |a DLU  |b vie 
041 # # |a vie 
100 # # |a Lê Xuân Huỳnh 
245 # # |a Về một tiêu chuẩn tối ưu và thuật giải bài toán cực tiểu hoá trọng lượng khung thép với ràng buộc là xác suất phá hoại /  |c Lê Xuân Huỳnh, Hoàng Văn Long 
653 # # |a Cơ học kết cấu 
653 # # |a Thép 
653 # # |a Toán xác suất 
653 # # |a Xây dựng 
700 # # |a Hoàng Văn Long 
773 # # |t Tạp chí Khoa học và Công nghệ  |g tập 41, số 6-2003 (43), tr. 50 - 54 
920 # # |a Phòng Tạp chí -- Trung tâm Thông tin - Thư viện Trường Đại học Đà Lạt 
933 # # |a TH 
933 # # |a VL 
994 # # |a DLU 
900 # # |a True 
911 # # |a Thái Thị Thanh Thủy 
925 # # |a G 
926 # # |a A 
927 # # |a BB 
980 # # |a Thư viện Trường Đại học Đà Lạt